<?xml version="1.0" encoding="UTF-8"?>
<marc:record xmlns:marc="http://www.loc.gov/MARC21/slim">
   <marc:leader>00000nam a2200000 a 4500</marc:leader>
   <marc:datafield ind1="1" ind2=" " tag="100">
      <marc:subfield code="a">Jorgeson, Kevin</marc:subfield>
   </marc:datafield>
   <marc:datafield ind1="1" ind2=" " tag="100">
      <marc:subfield code="a">Caldwell, Tommy</marc:subfield>
   </marc:datafield>
   <marc:datafield ind1="1" ind2=" " tag="100">
      <marc:subfield code="a">Mortimer, Peter</marc:subfield>
   </marc:datafield>
   <marc:datafield ind1="1" ind2=" " tag="100">
      <marc:subfield code="a">Lowell, Josh</marc:subfield>
   </marc:datafield>
   <marc:datafield ind1=" " ind2=" " tag="653">
      <marc:subfield code="a">Berge</marc:subfield>
   </marc:datafield>
   <marc:datafield ind1=" " ind2=" " tag="653">
      <marc:subfield code="a">Bergsteigen</marc:subfield>
   </marc:datafield>
   <marc:datafield ind1=" " ind2=" " tag="653">
      <marc:subfield code="a">Klettern</marc:subfield>
   </marc:datafield>
   <marc:datafield ind1="0" ind2="0" tag="245">
      <marc:subfield code="a">Durch die Wand</marc:subfield>
   </marc:datafield>
   <marc:datafield ind1="0" ind2="0" tag="245">
      <marc:subfield code="b">The Dawn Wall</marc:subfield>
   </marc:datafield>
   <marc:datafield ind1="0" ind2="0" tag="245">
      <marc:subfield code="c">Sender Tilms. Tommy Calwell ; Kevin Jorgeson</marc:subfield>
   </marc:datafield>
   <marc:datafield ind1=" " ind2="1" tag="264">
      <marc:subfield code="a">Hamburg</marc:subfield>
      <marc:subfield code="b">Studio Hamburg Enterprises GmbH</marc:subfield>
      <marc:subfield code="c">2019</marc:subfield>
   </marc:datafield>
   <marc:datafield ind1="1" ind2=" " tag="520">
      <marc:subfield code="a">Kletterikone Tommy Caldwell erklimmt gemeinsam mit seinem Seilpartner Kevin Jorgeson die "Dawn Wall", eine Felswand im US-Nationalpark Yosemite.&lt;br/&gt;Der packende Dokumentarfilm zeigt das Portrait von Tommy Caldwell und seine waghalsige Erstbesteigung der "Dawn Wall", die als unbezwingbar galt. 19 Tage lang waren sie ununterbrochen an der Felswand. Um den über 1000 Meter hohen Felsen zu bezwingen, schliefen, aßen und kletterten sie dabei stets hunderte Meter in der Steilwand über einem hunderte Meter tiefem Abgrund. - stets von einer Kamera begleitet.&lt;br/&gt;&lt;br/&gt;Atemberaubende Dokumentation produziert von Red Bull Mediahouse, dem weltweit führenden Produzenten von Extremsportfilmen ("The Art of Flight", "The Fourth Phase") über die spektakuläre Erstbesteigung der "Dawn Wall", einer Felswand im kalifornischen Yosemite Nationalpark. Die "Dawn Wall" gilt als die schwierigste alpine Felsroute weltweit.&lt;br/&gt;&lt;br/&gt;Mehrfach ausgezeichnet auf Filmfestivals, u.a. Gewinner des Publikumspreises beim zukunftsweisenden South by Southwest (SXSW) Festival 2018.&lt;br/&gt;&lt;br/&gt;Inklusive ca. 45 Min. Bonusmaterial. </marc:subfield>
   </marc:datafield>
   <marc:datafield ind1="3" ind2=" " tag="024">
      <marc:subfield code="a">4052912873407</marc:subfield>
   </marc:datafield>
   <marc:datafield ind1=" " ind2=" " tag="041">
      <marc:subfield code="a">ger</marc:subfield>
   </marc:datafield>
   <marc:datafield ind1=" " ind2=" " tag="300">
      <marc:subfield code="e">1 DVD</marc:subfield>
   </marc:datafield>
   <marc:datafield ind1="0" ind2=" " tag="490">
      <marc:subfield code="v">0</marc:subfield>
   </marc:datafield>
   <marc:datafield ind1="1" ind2=" " tag="521">
      <marc:subfield code="a">6</marc:subfield>
   </marc:datafield>
   <marc:datafield ind1=" " ind2=" " tag="306">
      <marc:subfield code="a">01:40:00</marc:subfield>
   </marc:datafield>
   <marc:datafield ind1=" " ind2=" " tag="300">
      <marc:subfield code="a">ca. 100 Min.+45 Min. Bonus</marc:subfield>
   </marc:datafield>
</marc:record>
